The avoidance of Part II of the Landlord and Tenant Act 1954 (Record no. 65372)
[ view plain ]
| 000 -LEADER | |
|---|---|
| fixed length control field | 01263cam a2200265 4500 |
| 001 - CONTROL NUMBER | |
| control field | ABS63194 |
| 008 - FIXED-LENGTH DATA ELEMENTS--GENERAL INFORMATION | |
| fixed length control field | 000000n2000 000 0 eng u |
| 035 ## - SYSTEM CONTROL NUMBER | |
| System control number | (Sirsi) u109494 |
| 100 ## - MAIN ENTRY--PERSONAL NAME | |
| Personal name | Brown, J |
| 245 #4 - TITLE STATEMENT | |
| Title | The avoidance of Part II of the Landlord and Tenant Act 1954 |
| 260 ## - PUBLICATION, DISTRIBUTION, ETC. | |
| Date of publication, distribution, etc. | 2000 |
| 490 ## - SERIES STATEMENT | |
| Series statement | Rent Review and Lease Renewal |
| Volume/sequential designation | September(3), 155-161(4) |
| 520 ## - SUMMARY, ETC. | |
| Summary, etc. | Examines how parties to commercial occupancy agreements may actively try to avoid the lease renewal process given to business tenants by the Landlord and Tenant Act 1954 Part II. Discusses the range of methods used for this purpose which include: licence agreements; tenancies at will; short term leases not exceeding six months; express agreements to contract out of Part II. Concludes with a review of the Law Commission's proposals for reforming the current procedure for contracting out of Part II of the Act. Case law. |
| 590 ## - LOCAL NOTE (RLIN) | |
| Local note | ABS |
| 650 ## - SUBJECT ADDED ENTRY--TOPICAL TERM | |
| Topical term or geographic name entry element | CONTRACTING OUT |
| 650 ## - SUBJECT ADDED ENTRY--TOPICAL TERM | |
| Topical term or geographic name entry element | BUSINESS TENANCIES |
| 650 ## - SUBJECT ADDED ENTRY--TOPICAL TERM | |
| Topical term or geographic name entry element | REFORM |
| 650 ## - SUBJECT ADDED ENTRY--TOPICAL TERM | |
| Topical term or geographic name entry element | LICENCE AGREEMENTS |
| 650 ## - SUBJECT ADDED ENTRY--TOPICAL TERM | |
| Topical term or geographic name entry element | LANDLORD AND TENANT ACT 1954 PART II |
| 650 ## - SUBJECT ADDED ENTRY--TOPICAL TERM | |
| Topical term or geographic name entry element | LAW COMMISSION |
| 650 ## - SUBJECT ADDED ENTRY--TOPICAL TERM | |
| Topical term or geographic name entry element | SHORT LEASES |
| 650 ## - SUBJECT ADDED ENTRY--TOPICAL TERM | |
| Topical term or geographic name entry element | TENANCY AT WILL |
| 690 ## - LOCAL SUBJECT ADDED ENTRY--TOPICAL TERM (OCLC, RLIN) | |
| Topical term or geographic name as entry element | LANDLORD AND TENANT-BUSINESS TENANCIES |
| 942 ## - ADDED ENTRY ELEMENTS (KOHA) | |
| Suppress in OPAC | 0 |
| Withdrawn status | Lost status | Source of classification or shelving scheme | Damaged status | Not for loan | Home library | Current library | Shelving location | Date acquired | Total Checkouts | Full call number | Barcode | Date last seen | Copy number | Price effective from | Koha item type |
|---|---|---|---|---|---|---|---|---|---|---|---|---|---|---|---|
| Dewey Decimal Classification | London | London | Journal article | 24/11/2000 | ABS63194 | 109494-1001 | 06/08/2019 | 1 | 06/08/2019 | Journal article |